000 00767nam a22001937a 4500
003 OSt
005 20241112102741.0
008 241112b |||||||| |||| 00| 0 eng d
020 _a9781908003171
040 _cMUST
082 _2658.5 RIG 2011
100 _aRigney Laura
_919314
245 _aPitching products for small business:How to successfully prepare your business , brand and products and sell to retail buyers.
300 _axii,93p. ; 2011
_bill.
_c20cm.
440 _aPitching products for small business:How to successfully prepare your business , brand and products and sell to retail buyers.
_919315
600 _2How to successfully prepare your business , brand and products and sell to retail buyers.
700 _4Laura Rgney
942 _2ddc
_cBOOK
999 _c9471
_d9471